The energy balance in Northeast Asia
This book explain the changes in energy supply and use that occurred in Northeast Asia during the 1960s and 1970s
Gardado en:
| Autor Principal: | |
|---|---|
| Formato: | Libro |
| Idioma: | Undetermined |
| Publicado: |
Washington, D.C.
Brookings Institution
1984
|
| Những chủ đề: | |
| Các nhãn: |
Engadir etiqueta
Sen Etiquetas, Sexa o primeiro en etiquetar este rexistro!
|
| Thư viện lưu trữ: | Trung tâm Học liệu Trường Đại học Cần Thơ |
|---|
| LEADER | 00887nam a2200229Ia 4500 | ||
|---|---|---|---|
| 001 | CTU_219471 | ||
| 008 | 210402s9999 xx 000 0 und d | ||
| 020 | |c 5.65 | ||
| 082 | |a 333.79095 | ||
| 082 | |b Y11 | ||
| 100 | |a Yager, Joseph A. | ||
| 245 | 4 | |a The energy balance in Northeast Asia | |
| 245 | 0 | |c Joseph A. Yager with the assistance of Shelley M. Matsuba | |
| 260 | |a Washington, D.C. | ||
| 260 | |b Brookings Institution | ||
| 260 | |c 1984 | ||
| 520 | |a This book explain the changes in energy supply and use that occurred in Northeast Asia during the 1960s and 1970s | ||
| 650 | |a Power resources,Energy policy,Chính sách năng lượng,Nguồn điện | ||
| 650 | |x Economic aspects,Khía cạnh kinh tế | ||
| 650 | |z East Asia,East Asia,Đông Nam Á,Đông Nam Á | ||
| 904 | |i Van,Hải | ||
| 980 | |a Trung tâm Học liệu Trường Đại học Cần Thơ | ||